000
00318 a2200133 4500
000
nam a22 7a 4500
005
20260429121945.0
020
_a
9789390727506
100
_a
Abraham Silberschatz
_9
1235977
245
_a
Database System Concepts
250
_a
7th
260
_b
MCGRAW HILL
_c
2025
942
_c
TEXL
999
_c
1848634
_d
1848634